Which Foods Are Real? II Quiz Stats

Quiz Updated Nov 26, 2014

Challenge
Share
Tweet
Embed
Score 0/15 Timer 03:00
3 Plays Today
% Correct
albacore tuna steaks
84.5%
bird's nest soup
79.5%
chanterelle mushrooms
79.1%
Jerusalem artichoke
78.1%
Meyer lemons
69.2%
fiesta rice
68.3%
grilled Arctic char
67.3%
watermelon granita
64.9%
% Correct
Anaheim pepper
64.4%
vanilla tuiles
51.8%
pâté chinois
51.1%
angels on horseback
46.7%
bunny chow
43.3%
escamole
38%
kedgeree
36.7%

You're not logged in!

Compare scores with friends on all Sporcle quizzes.
Join for Free
OR
Log In

You Might Also Like...

Show Comments

Extras

Top Quizzes Today


Score Distribution

Your Account Isn't Verified!

In order to create a playlist on Sporcle, you need to verify the email address you used during registration. Go to your Sporcle Settings to finish the process.

Report this User

Report this user for behavior that violates our Community Guidelines.

Details: